MARC details
| 000 -CABECERA |
| campo de control de longitud fija |
01484cam a2200325 a 4500 |
| 001 - NÚMERO DE CONTROL |
| campo de control |
000007628 |
| 005 - FECHA Y HORA DE LA ÚLTIMA TRANSACCIÓN |
| campo de control |
20200929154234.0 |
| 008 - DATOS DE LONGITUD FIJA--INFORMACIÓN GENERAL |
| campo de control de longitud fija |
950120s1994 flua bc 001 0 eng d |
| 020 ## - NÚMERO INTERNACIONAL ESTÁNDAR DEL LIBRO |
| Número Internacional Estándar del Libro |
0935761071 |
| 035 ## - NÚMERO DE CONTROL DEL SISTEMA |
| Número de control de sistema |
(DLC) 95135344 |
| 035 ## - NÚMERO DE CONTROL DEL SISTEMA |
| Número de control de sistema |
(OCoLC)31861301 |
| 040 ## - FUENTE DE LA CATALOGACIÓN |
| Centro catalogador/agencia de origen |
DO-SdBNP |
| Lengua de catalogación |
spa |
| Centro/agencia transcriptor |
BNPHU |
| Centro/agencia modificador |
DLC |
| 050 00 - SIGNATURA TOPOGRÁFICA DE LA BIBLIOTECA DEL CONGRESO |
| Número de clasificación |
NE2325.5.M5 |
| Número de documento/Ítem |
A4 1994 |
| 051 ## - MENCIÓN DE LA BIBLIOTECA DEL CONGRESO SOBRE EJEMPLARES, EDICIÓN O SEPARATA |
| Número de clasificación |
NE2325.5.M5 |
| Número de documento/Ítem |
A4 1994 Copy 3 |
| Información sobre otras copias |
Provenance: Gift of Jay I. Kislak Foundation. |
| 082 ## - NÚMERO DE LA CLASIFICACIÓN DECIMAL DEWEY |
| Número de clasificación |
769.92 |
| Número de edición |
20 |
| Número de documento/Ítem |
C965m |
| 100 1# - ENTRADA PRINCIPAL--NOMBRE DE PERSONA |
| Nombre de persona |
Cueto, Emilio, |
| Fechas asociadas al nombre |
1944- |
| 9 (RLIN) |
21122 |
| 245 10 - MENCIÓN DE TÍTULO |
| Título |
Mialhe's colonial Cuba : |
| Resto del título |
the prints that shaped the world's view of Cuba / |
| Mención de responsabilidad, etc. |
Emilio Cueto. |
| 260 ## - PUBLICACIÓN, DISTRIBUCIÓN, ETC. |
| Lugar de publicación, distribución, etc. |
Miami : |
| Nombre del editor, distribuidor, etc. |
Historical Association of Southern Florida, |
| Fecha de publicación, distribución, etc. |
c1994. |
| 300 ## - DESCRIPCIÓN FÍSICA |
| Extensión |
vii, 132 p. : |
| Otras características físicas |
il. ; |
| Dimensiones |
22 cm. |
| 500 ## - NOTA GENERAL |
| Nota general |
Catálogo de una exposición celebrada en el Museo Histórico del Sur de la Florida de 6 de octubre 1994-enero 30, 1995. |
| 504 ## - NOTA DE BIBLIOGRAFÍA, ETC. |
| Nota de bibliografía, etc. |
Incluye referencias bibliográficas (p. 125-128) e índice. |
| 600 10 - PUNTO DE ACCESO ADICIONAL DE MATERIA--NOMBRE DE PERSONA |
| Nombre de persona |
Mialhe, Frederic, |
| Fechas asociadas al nombre |
1810-1881 |
| Subdivisión de forma |
Exhibitions. |
| 9 (RLIN) |
21163 |
| 651 #0 - PUNTO DE ACCESO ADICIONAL DE MATERIA--NOMBRE GEOGRÁFICO |
| Nombre geográfico |
Cuba |
| Subdivisión de forma |
Iin art |
| -- |
Exhibitions. |
| 9 (RLIN) |
21164 |
| 650 #0 - PUNTO DE ACCESO ADICIONAL DE MATERIA--TÉRMINO DE MATERIA |
| Término de materia o nombre geográfico como elemento de entrada |
Lithography |
| Subdivisión general |
Private collections |
| Subdivisión geográfica |
Washington (D.C.{Rpara} |
| Subdivisión de forma |
Exhibitions. |
| 9 (RLIN) |
21165 |
| 600 10 - PUNTO DE ACCESO ADICIONAL DE MATERIA--NOMBRE DE PERSONA |
| Nombre de persona |
Cueto, Emilio, |
| Fechas asociadas al nombre |
1944- |
| Subdivisión general |
Art collections |
| Subdivisión de forma |
Exhibitions. |
| 9 (RLIN) |
21166 |
| 700 1# - PUNTO DE ACCESO ADICIONAL--NOMBRE DE PERSONA |
| Nombre de persona |
Mialhe, Frederic, |
| Fechas asociadas al nombre |
1810-1881. |
| 9 (RLIN) |
21167 |
| 710 1# - PUNTO DE ACCESO ADICIONAL--NOMBRE DE ENTIDAD CORPORATIVA |
| Nombre de entidad corporativa o nombre de jurisdicción como elemento de entrada |
Historical Museum of Southern Florida (Miami, Fla.) |
| 9 (RLIN) |
21126 |
| 710 1# - PUNTO DE ACCESO ADICIONAL--NOMBRE DE ENTIDAD CORPORATIVA |
| Nombre de entidad corporativa o nombre de jurisdicción como elemento de entrada |
Jay I. Kislak Reference Collection (Library of Congress) |
| Institución que aplica el campo |
DLC |
| 9 (RLIN) |
21168 |
| 910 ## - DATOS DE OPCIÓN DEL USUARIO (OCLC) |
| Datos de opción del usuario |
Catalogación por copia / LC |